Využitie respiračných manévrov v diagnostike poškodenia regulácie frekvencie srdca

Bibliographic Details
Main Authors: Tonhajzerová, Ingrid, 1970- (Author), Javorka, Kamil, 1944- (Author), Petrášková, M. (Author)
Format: Article
Language:Slovak
PhysicalDescription:Tab.
ISSN:0371-2222
Subjects:

MARC

LEADER 00000nab a2200000 a 4500
001 vtls000753544
003 SK-MaSNL
005 20260305020924.0
008 250429c2000 xo 0 slo
015 |a SNBRB2001/03-08363 
035 |a CLN000105331 
035 |a urn:nbn:sk:snk-ab359r 
035 |a (urnnbn)urn:nbn:sk:snk:ar-a065o5 
035 |a (uuid)339b6b8a-8002-4951-a1d0-1b91aef22a94 
040 |a SNKBUCL  |b slo  |c SNKBUCL  |e AACR2 
041 0 |a slo 
044 |a xo  |c SK 
080 |a 612.213:616.12-008.1-07  |2 1997 
080 |a 616.12-008.1-07  |2 1997 
100 1 |a Tonhajzerová, Ingrid,  |d 1970-  |4 aut  |9 188133 
245 1 0 |a Využitie respiračných manévrov v diagnostike poškodenia regulácie frekvencie srdca  |c I. Tonhajzerová, K. Javorka, M. Petrášová 
300 |b Tab. 
504 |a Bibliogr. odkazy 
650 0 7 |a manévre respiračné  |x srdce  |x frekvencia  |x poruchy  |x diagnostika  |2 snkbucl  |9 1597069 
650 0 7 |a srdce  |x frekvencia  |x poruchy  |x diagnostika  |2 snkbucl  |9 1597070 
650 0 7 |a manéver Valsalvov  |2 snkbucl  |9 911836 
650 0 7 |a dýchanie hlboké  |2 snkbucl  |9 1597071 
655 7 |a články z novín a časopisov  |2 snkbucl  |9 267496 
700 1 |a Javorka, Kamil,  |d 1944-  |4 aut  |9 122869 
700 1 |a Petrášková, M.  |4 aut  |9 533315 
773 0 |t Studia pneumologica et phthiseologica  |g Roč. 60, č. 5 (2000), s. 232-233  |x 0371-2222 
850 |a Slovenská národná knižnica 
852 |a Slovenská národná knižnica 
954 |a odborná, vedecká literatúra pôvodná (slovenská)  |2 lita 
958 |a article27 
958 |a MI 
958 |a NB 
958 |a OND 
958 |a EUIPO 
999 |c 3282970  |d 3284900